| 000 | 00860nam a2200193Ia 4500 | ||
|---|---|---|---|
| 003 | IN-BaIIA | ||
| 008 | 211028s9999 xx 000 0 eng d | ||
| 040 | _cIIA Library | ||
| 080 |
_a524.834 _bEXT |
||
| 111 |
_aAdvanced Course of the Swiss Society of Astronomy and Astrophysics on Extragalactic High Energy Astrophysics _n9th _cSaas Fee _d1979 Mar. 26-31 _911606 |
||
| 245 | 0 |
_aExtragalactic high Energy Astrophysics _bproceedings of ninth advanced course of the Swiss Society of Astronomy and Astrophysics on extragalactic high Energy Astrophysics, held in Saas Fee, 26-31 Mar 1979 _cedited by A. Blécha and A. Maeder. |
|
| 260 |
_aSwitzerland _bGeneva Observatory _c1979 |
||
| 300 | _a[various pagings.] | ||
| 650 | _aNASA Thesaurus | ||
| 650 |
_aScience-Future _911607 |
||
| 700 |
_aBlecha, A., ed. _911608 |
||
| 700 |
_aMaeder, A., ed. _911609 |
||
| 942 | _cBK | ||
| 999 |
_c6775 _d6775 |
||